000 00787nam a2200241 i 4500
001 53522
003 ES-MaACL
005 20230906162801.0
007 t|
008 031030s1900 fr ||||1| fre d
080 _a061.41(443.6)"1900"
111 2 _aExposición Universal (
_d1900.
_cParís)
_9160391
245 1 0 _aExposition Universelle de 1900
_b: le guide remboursable du journal "Le Matin".
250 _a1e éd.
260 _aParis :
_bSociété des Rembourseurs,
_c[1900]
300 _a[10], 397, [30] p. ;
_c15 cm.
611 2 _aExposición Universal.
_d1900.
_cParís)
_9160391
650 4 _aExposiciones-
_zParís.
_9140005
655 7 _2tgfbne
_9193628
_aCatálogos de exposiciones
852 4 _aES-MaACL
_jG-1905
942 _2udc
999 _c53522
_d53522